Match the NBA Player to their Career Averages - Statistics

General Stats
  • This quiz has been taken 1,301 times
  • The average score is 8 of 18
Answer Stats
Hint Answer % Correct
30-23-4 Wilt Chamberlain
71%
9-7-6 Draymond Green
66%
7-13-2 Dennis Rodman
65%
30-6-5 Michael Jordan
64%
27-7-7 LeBron James
61%
15-22-4 Bill Russell
58%
18-4-9 Chris Paul
51%
16-12-1 Dwight Howard
46%
20-7-11 Magic Johnson
41%
24-11-3 Shaquille O'Neal
38%
25-11-4 Kareem Abdul-Jabbar
34%
27-8-10 Oscar Robertson
34%
22-7-8 Russell Westbrook
32%
25-5-5 Kobe Bryant
29%
25-5-6 Stephen Curry
26%
27-4-6 Allen Iverson
25%
24-10-6 Larry Bird
23%
27-6-7 Jerry West
12%
No matching quizzes found
Score Distribution
Percent of People with Each Score
Percentile by Number Answered
Your Score History
You have not taken this quiz